Tổng kết công tác khuyến ngư thời kỳ 1993 - 2000

Nội dung sách gồm 3 phần: Phần I: Báo cáo tổng kết công tác khuyến ngư thời kỳ 1993 - 2000 và phương hướng hoạt động khuyến ngư thời kỳ 2001-2005; Phần II: Các văn bản pháp quy; Phần III: Các tham luận, mô hình, kinh nghiệm sản xuất....

Deskribapen osoa

Gorde:
Xehetasun bibliografikoak
Egile korporatiboa: Bộ Thủy sản, Trung tâm Khuyến ngư Trung ương
Formatua: Liburua
Hizkuntza:Undetermined
Argitaratua: Hà Nội Bộ Thủy sản 2001
Gaiak:
Etiketak: Etiketa erantsi
Etiketarik gabe, Izan zaitez lehena erregistro honi etiketa jartzen!
Thư viện lưu trữ: Trung tâm Học liệu Trường Đại học Cần Thơ
LEADER 01029nam a2200217Ia 4500
001 CTU_127392
008 210402s9999 xx 000 0 und d
082 |a 639.3 
082 |b Tr513 
110 |a Bộ Thủy sản 
110 |b Trung tâm Khuyến ngư Trung ương 
245 0 |a Tổng kết công tác khuyến ngư thời kỳ 1993 - 2000 
245 0 |c Bộ Thủy sản. Trung tâm Khuyến ngư Trung ương 
260 |a Hà Nội 
260 |b Bộ Thủy sản 
260 |c 2001 
520 |a Nội dung sách gồm 3 phần: Phần I: Báo cáo tổng kết công tác khuyến ngư thời kỳ 1993 - 2000 và phương hướng hoạt động khuyến ngư thời kỳ 2001-2005; Phần II: Các văn bản pháp quy; Phần III: Các tham luận, mô hình, kinh nghiệm sản xuất. 
650 |a Aquaculture,Fishes 
650 |x Management 
904 |i Giang 
980 |a Trung tâm Học liệu Trường Đại học Cần Thơ